000 00898nam a2200217Ia 4500
003 IN-BaIIA
008 211028s9999 xx s 000 0 eng d
020 _a978-0-521-76602-9 (Print)
022 _a1743-9213 (Print)
022 _a1743-9221 (Online)
040 _cIIA Library
100 _aCarignan, Claude, ed.
_940585
245 0 _aTracing the Ancestry of Galaxies:On the land of our ancestors
_h[eBook]
260 _aCambridge
_bCambridge University Press
_c2011
300 _aOnline resource
490 _aIAU Symposium; no. 277
700 _aCombes, Françoise, ed.
_931703
700 _aFreeman, Ken, ed.
_940586
856 _uhttps://www.cambridge.org/core/journals/proceedings-of-the-international-astronomical-union/issue/21CEBEEE282213DB240C60517329C950
_yClick Here to Access eBook
942 _cEB
999 _c21987
_d21987